<?xml version="1.0" encoding="UTF-8"?>
<marc:record xmlns:marc="http://www.loc.gov/MARC21/slim">
   <marc:leader>00000nam a2200000 a 4500</marc:leader>
   <marc:datafield ind1="1" ind2=" " tag="100">
      <marc:subfield code="a">Brooks, Ben</marc:subfield>
      <marc:subfield code="4">aut</marc:subfield>
      <marc:subfield code="e">Verfasser/-in</marc:subfield>
   </marc:datafield>
   <marc:datafield ind1=" " ind2=" " tag="653">
      <marc:subfield code="a">Mann</marc:subfield>
   </marc:datafield>
   <marc:datafield ind1=" " ind2=" " tag="653">
      <marc:subfield code="a">Biographien (Kinder- und Jugendmedien: Geschichte)</marc:subfield>
   </marc:datafield>
   <marc:datafield ind1="0" ind2="0" tag="245">
      <marc:subfield code="a">More stories for boys who dare to be different</marc:subfield>
   </marc:datafield>
   <marc:datafield ind1="0" ind2="0" tag="245">
      <marc:subfield code="b">Geschichten, die dein Leben verändern</marc:subfield>
   </marc:datafield>
   <marc:datafield ind1=" " ind2="1" tag="264">
      <marc:subfield code="b">Loewe</marc:subfield>
      <marc:subfield code="c">2019</marc:subfield>
   </marc:datafield>
   <marc:datafield ind1="1" ind2=" " tag="520">
      <marc:subfield code="a">Was haben der Fußballer Kylian Mbappé, der Philosoph Sokrates und der Sänger Ed Sheeran gemeinsam? Alle drei widersetzten sich den Erwartungen der Gesellschaft – trotz scheinbar unüberwindbarer Hindernisse und Schwierigkeiten. Sie haben sich entschieden, gegen den Strom zu schwimmen und mutig ihre Träume zu verfolgen. Ihre Lebensgeschichten sind unglaublich, genauso wie die all der anderen Jungs in diesem besonderen Buch.
Nach dem großen Erfolg der Good Night Stories for Rebel Girls ein weiterer Band mit Geschichten für Jungs – über 100 berühmte Persönlichkeiten! Der Autor Ben Brooks erzählt von Helden, die die Welt verändert haben. Für Jungen und Mädchen zum Vorlesen und Selberlesen.</marc:subfield>
   </marc:datafield>
   <marc:datafield ind1=" " ind2=" " tag="020">
      <marc:subfield code="a">9783743204638</marc:subfield>
      <marc:subfield code="9">9783743204638</marc:subfield>
   </marc:datafield>
</marc:record>
